000 00356nam a2200157Ia 4500
003 OSt
005 20240329112347.0
008 170524s9999 xx 000 0 und d
020 _a978-9393880444
040 _ciimtu meerut
100 _aSINGHANIA- VK
100 _c2005
245 0 _aDIRECT TAXES LAW AND PRACTICE
260 _aTAX MAN
942 _2ddc
_c02
999 _c2225
_d2225